Избранное: Роман и повести; пер. с узб.

Podrobná bibliografie
Hlavní autor: Мухтар А. Аскад
Další autoři: Звонарева Л. (автор предисловия), Яковлев Е. (иллюстратор)
Jazyk:ruština
Vydáno: Москва, Художественная литература, 1990
Témata:
Médium: MixedMaterials Kniha
KOHA link:https://koha.lib.tpu.ru/cgi-bin/koha/opac-detail.pl?biblionumber=144910

MARC

LEADER 00000nam0a2200000 4500
001 144910
005 20231031143853.0
010 |a 5280011568 
020 |a RU  |b 90-12286 
035 |a (RuTPU)RU\TPU\book\157064 
090 |a 144910 
100 |a 20081009d1990 m y0rusy5003 ca 
101 1 |a rus  |c uzb 
102 |a RU 
105 |a c z 000ay 
200 1 |a Избранное  |e Роман и повести   |e пер. с узб.  |f А. Мухтар  |g авт. предисл. Л. Звонарева ; худож. Е. Яковлев 
210 |a Москва  |c Художественная литература  |d 1990 
215 |a 557,[2] с., [1] л. портр.  |d 22 см 
610 1 |a Узбекистан 
610 1 |a узбекская литература 
610 1 |a романы 
610 1 |a повести 
675 |a 894.375  |z rus 
700 1 |a Мухтар  |b А.  |g Аскад  |4 070 
702 1 |a Звонарева  |b Л.  |4 080 
702 1 |a Яковлев  |b Е.  |4 440 
801 0 |a RU  |b RuMRKP  |c 19950417  |g psbo 
801 1 |a RU  |b 63413507  |c 20081009  |g PSBO 
801 2 |a RU  |b 63413507  |c 20081009  |g PSBO 
942 |c BK